[Event "JAHI III"]
[Site "SchemingMind.com"]
[Date "2022.11.11"]
[Round "-"]
[White "Helga1946"]
[Black "MazetaFighter"]
[Result "1-0"]
[WhiteCountry "GER"]
[BlackCountry "GRE"]
[WhiteElo "2435"]
[WhiteRD "77"]
[BlackElo "1975"]
[BlackRD "94"]
[GameID "728300"]

1. c4 Nf6 2. d4 e6 3. g3 d5 4. Bg2 dxc4 5. Nf3 Nc6 6. Qa4 Bb4+ 7. Bd2 Nd5 8. Bxb4 Nxb4 9. O-O Rb8 10. Na3 a6
11. Ne5 Qxd4 12. Nxc6 Nxc6 13. Bxc6+ bxc6 14. Qxc6+ Qd7 15. Qxc4 Rxb2 16. Qc3 Rb8 17. Rfd1 Qe7 18. Qxg7 Rf8 19. Nc4 f6 20. Qh6 Rf7
21. Rac1 Bd7 22. Qe3 Bb5 23. Qb3 Rb7 24. Qf3 Rb8 25. Na5 e5 26. Nc6 Bxc6 27. Rxc6 e4 28. Qf5 Rd8 29. Rxd8+ Kxd8 30. Rxa6
1-0

[Event "JAHI III"]
[Site "SchemingMind.com"]
[Date "2022.11.11"]
[Round "-"]
[White "MazetaFighter"]
[Black "Helga1946"]
[Result "0-1"]
[WhiteCountry "GRE"]
[BlackCountry "GER"]
[WhiteElo "1992"]
[WhiteRD "89"]
[BlackElo "2452"]
[BlackRD "72"]
[GameID "728301"]

1. e4 e5 2. Nf3 Nc6 3. Bb5 a6 4. Ba4 b5 5. Bb3 Nf6 6. O-O Bc5 7. c3 d6 8. d4 Bb6 9. Be3 O-O 10. Nbd2 h6
11. h3 Re8 12. a4 exd4 13. cxd4 Rb8 14. axb5 axb5 15. Qb1 Nb4 16. Qc1 Qe7 17. e5 Nfd5 18. Bxd5 Nxd5 19. exd6 Qxd6 20. Nb3 Qg6
21. Kh1 Qf6 22. Ne5 Bxh3 23. Qc6 Qh4 24. gxh3 Rxe5 25. dxe5 Qxh3+ 26. Kg1 Nxe3
0-1

[Event "JAHI III"]
[Site "SchemingMind.com"]
[Date "2022.12.14"]
[Round "-"]
[White "Robert Bruce"]
[Black "MrTowPath"]
[Result "1-0"]
[WhiteCountry "SCO"]
[BlackCountry "ENG"]
[WhiteElo "2322"]
[WhiteRD "69"]
[BlackElo "1478"]
[BlackRD "132"]
[GameID "729321"]

1. f4 b6 2. e4 Bb7 3. d3 e6 4. Nf3 d5 5. Nbd2 c5 6. g3 dxe4 7. dxe4 Nf6 8. Bd3 c4 9. Bxc4 Nxe4 10. Bb5+ Ke7
11. Qe2 Nd6 12. Bd3 g6 13. Ne4
1-0

[Event "JAHI III"]
[Site "SchemingMind.com"]
[Date "2022.12.29"]
[Round "-"]
[White "Black Knight"]
[Black "JAHI"]
[Result "0-1"]
[WhiteCountry "USA"]
[BlackCountry "INT"]
[WhiteElo "1127"]
[WhiteRD "59"]
[BlackElo "2168"]
[BlackRD "68"]
[GameID "729807"]

1. e4 Nf6 2. Nc3 d6 3. d4 g6 4. Nf3 Bg7 5. Be3 Kf8 6. e5 Ng4 7. Qd2 dxe5 8. h3 Nxe3 9. Qxe3 exd4 10. Qxd4 Bxd4
11. Bd3 Bg7 12. O-O Nc6 13. Rad1 Bd7 14. Rfe1 a6 15. a3 e6 16. b4 Bxc3 17. Re3 Bf6 18. a4 Nxb4 19. c3 Bxa4 20. Ra1 Nd5
21. Ree1 Nxc3 22. Rxa4 Nxa4 23. Ra1 Bxa1
0-1

[Event "JAHI III"]
[Site "SchemingMind.com"]
[Date "2022.12.29"]
[Round "-"]
[White "JAHI"]
[Black "Black Knight"]
[Result "1-0"]
[WhiteCountry "INT"]
[BlackCountry "USA"]
[WhiteElo "2205"]
[WhiteRD "67"]
[BlackElo "1174"]
[BlackRD "56"]
[GameID "729808"]

1. g3 d5 2. Bg2 Nf6 3. Kf1 e5 4. d3 Nc6 5. Bg5 Be7 6. Bxf6 Bxf6 7. Nd2 Be6 8. h3 O-O 9. g4 Ne7 10. e3 c5
11. h4 Nc6 12. g5 Be7 13. Ne2 g6 14. Kg1 Bd6 15. a3 b5 16. Nc3 b4 17. Nxd5 a5 18. Nf6+ Kh8 19. Bxc6 Rc8 20. h5 Rxc6
21. hxg6 fxg6 22. Rxh7#
1-0

[Event "JAHI III"]
[Site "SchemingMind.com"]
[Date "2022.12.30"]
[Round "-"]
[White "Aba"]
[Black "ray winteringham"]
[Result "1-0"]
[WhiteCountry "ISR"]
[BlackCountry "ENG"]
[WhiteElo "1786"]
[WhiteRD "70"]
[BlackElo "1416"]
[BlackRD "47"]
[GameID "729830"]

1. e4 e5 2. Nf3 d6 3. c3 Be7 4. Bc4 Nf6 5. O-O Bd7 6. Re1 O-O 7. d4 exd4 8. cxd4 h6 9. Nc3 Bg4 10. h3 Bh5
11. g4 Bg6 12. a3 a6 13. b4 b5 14. Bb3 Nbd7 15. Bf4 c6 16. e5 dxe5 17. dxe5 Nh7 18. Qd2 c5 19. h4 Bxh4 20. e6 fxe6
21. Bxe6+ Bf7 22. Qxd7 Qb6 23. Nxh4 Rad8 24. Bxf7+ Rxf7 25. Re8+ Rxe8 26. Qxe8+ Nf8 27. Nd5 Qd6 28. Bxd6
1-0

[Event "JAHI III"]
[Site "SchemingMind.com"]
[Date "2022.12.30"]
[Round "-"]
[White "ray winteringham"]
[Black "Aba"]
[Result "0-1"]
[WhiteCountry "ENG"]
[BlackCountry "ISR"]
[WhiteElo "1416"]
[WhiteRD "47"]
[BlackElo "1786"]
[BlackRD "70"]
[GameID "729831"]

1. g3 e5 2. e4 Nf6 3. Bg2 Nc6 4. d3 Bc5 5. Nc3 d6 6. Bg5 h6 7. Bxf6 Qxf6 8. Nf3 Bg4 9. Qd2 O-O-O 10. a3 g5
11. Qe2 Nd4 12. Qd1 Nxf3+ 13. Bxf3 Bxf3 14. Ne2 Bxh1 15. Kd2 Bg2 16. Qg1 Qf3 17. Ke1 h5 18. c3 h4 19. d4 exd4 20. cxd4 Bxd4
21. Nxd4 Qxe4+ 22. Ne2 Rhe8
0-1

[Event "JAHI III"]
[Site "SchemingMind.com"]
[Date "2023.01.01"]
[Round "-"]
[White "Enri Arturo"]
[Black "Ronald R. Nurmi"]
[Result "1-0"]
[WhiteCountry "CUB"]
[BlackCountry "USA"]
[WhiteElo "2544"]
[WhiteRD "109"]
[BlackElo "1753"]
[BlackRD "93"]
[GameID "729878"]

1. b3 d5 2. Bb2 Bg4 3. h3 Bh5 4. Nf3 e6 5. e3 Nf6 6. d3 Bb4+ 7. Nbd2 Bxf3 8. Qxf3 a6 9. g4 O-O 10. g5 Nfd7
11. h4 Nc6 12. Bh3 Bd6 13. a3 Nde5 14. Qg2 Ng6 15. h5 Nge5 16. f4 Nd7 17. g6
1-0

[Event "JAHI III"]
[Site "SchemingMind.com"]
[Date "2023.01.01"]
[Round "-"]
[White "Ronald R. Nurmi"]
[Black "Enri Arturo"]
[Result "0-1"]
[WhiteCountry "USA"]
[BlackCountry "CUB"]
[WhiteElo "1795"]
[WhiteRD "94"]
[BlackElo "2529"]
[BlackRD "106"]
[GameID "729879"]

1. d4 d5 2. Bf4 c5 3. e3 Nc6 4. c3 Qb6 5. Qb3 Nf6 6. Nd2 e6 7. h3 Be7 8. Ngf3 Bd7 9. Be2 O-O 10. O-O Rfc8
11. Ne5 Be8 12. Bf3 Nxe5 13. dxe5 Nd7 14. Rfe1 Qxb3 15. Nxb3 a5 16. e4 g5 17. Bg3 a4 18. Nd2 d4 19. c4 Bd8 20. Bd1 Ba5
21. Re2 d3 22. Re3 Bxd2 23. Rxd3 Bf4
0-1

[Event "JAHI III"]
[Site "SchemingMind.com"]
[Date "2023.01.14"]
[Round "-"]
[White "AussieMossie"]
[Black "frankly"]
[Result "1/2-1/2"]
[WhiteCountry "AUS"]
[BlackCountry "ENG"]
[WhiteElo "2542"]
[WhiteRD "85"]
[BlackElo "2545"]
[BlackRD "80"]
[GameID "730172"]

1. d4 Nf6 2. c4 e6 3. Nf3 d5 4. Bg5 dxc4 5. Qa4+ Nbd7 6. e3 Be7 7. Bxc4 h6 8. Bxf6 Bxf6 9. Be2 O-O 10. O-O e5
11. Nc3 exd4 12. Nxd4 Nb6 13. Qc2 Qe7 14. Rad1 g6 15. Ne4 Bg7 16. Rd2 a5 17. Bf3 a4 18. Rc1 c6 19. Nc5 Be5 20. g3 h5
21. Bg2 a3 22. b4 Rd8 23. h4 Bxg3 24. fxg3 Qxe3+ 25. Kh2 Rxd4 26. Re2 Qh6 27. Re8+ Kh7 28. Ne4 Bf5 29. Nf6+ Kg7 30. Qc5 Nd7
31. Qxd4 Nxf6 32. Rxa8 Qxc1 33. Qd8 g5 34. hxg5 Ng4+ 35. Kh3 Nh6+ 36. Kh2 Ng4+ 37. Kh3 Nh6+ 38. Kh2 Ng4+ 39. Kh3 Nh6+ 40. Kh2 Ng4+=
1/2-1/2

[Event "JAHI III"]
[Site "SchemingMind.com"]
[Date "2023.01.13"]
[Round "-"]
[White "frankly"]
[Black "AussieMossie"]
[Result "1/2-1/2"]
[WhiteCountry "ENG"]
[BlackCountry "AUS"]
[WhiteElo "2545"]
[WhiteRD "80"]
[BlackElo "2542"]
[BlackRD "85"]
[GameID "730173"]

1. e4 e5 2. Nf3 Nc6 3. Bb5 a6 4. Ba4 Nf6 5. O-O Be7 6. Re1 b5 7. Bb3 O-O 8. c3 d5 9. exd5 Nxd5 10. Nxe5 Nxe5
11. Rxe5 c6 12. d4 Bd6 13. Re1 Qh4 14. g3 Qh3 15. Be3 Bg4 16. Qd3 Rae8 17. Nd2 Qh5 18. a4 Re6 19. axb5 axb5 20. Qf1 Rfe8
21. Bxd5 cxd5 22. Qxb5 Rb8 23. Qa5 h6 24. b4 Bh3 25. Qa2 Rbe8 26. b5 Qg5 27. Nf3 Qh5 28. Nd2 Qg5 29. Nf3 Qh5 30. Nd2 Qg5=
1/2-1/2

[Event "JAHI III"]
[Site "SchemingMind.com"]
[Date "2023.01.20"]
[Round "-"]
[White "John Hamer"]
[Black "Kid A"]
[Result "1/2-1/2"]
[WhiteCountry "ENG"]
[BlackCountry "FIN"]
[WhiteElo "1770"]
[WhiteRD "71"]
[BlackElo "1843"]
[BlackRD "89"]
[GameID "730452"]

1. e4 e5 2. f4 d5 3. exd5 c6 4. Nc3 cxd5 5. fxe5 d4 6. Ne4 Nc6 7. Nf3 Qd5 8. Bd3 Bg4 9. Nf2 Bxf3 10. gxf3 Nxe5
11. Be4 Qd7 12. O-O f5 13. Re1 Bd6 14. f4 fxe4 15. fxe5 Bc7 16. Nxe4 O-O-O 17. d3 Bxe5 18. Qf3 Qc7 19. Re2 Ne7 20. Ng5 Rdf8
21. Qg4+ Rf5 22. Qh3 Kb8 23. Nf3 Rhf8 24. Nxe5 Rxe5 25. Rxe5 Qxe5 26. Bd2 Qe2 27. Bb4 Qf2+ 28. Kh1 Rf3 29. Bd6+=
1/2-1/2

[Event "JAHI III"]
[Site "SchemingMind.com"]
[Date "2023.01.20"]
[Round "-"]
[White "Kid A"]
[Black "John Hamer"]
[Result "1-0"]
[WhiteCountry "FIN"]
[BlackCountry "ENG"]
[WhiteElo "1653"]
[WhiteRD "135"]
[BlackElo "1772"]
[BlackRD "70"]
[GameID "730453"]

1. e4 e5 2. Nf3 Nc6 3. d4 exd4 4. Bc4 Bc5 5. O-O d6 6. c3 Nf6 7. cxd4 Bb4 8. d5 Ne7 9. Qa4+ c6 10. Qxb4 O-O
11. Nc3 a5 12. Qb3 b5 13. Bd3 cxd5 14. exd5 a4 15. Qc2 b4 16. Nxa4 Nexd5 17. b3 Re8 18. Bb2 Be6 19. Nd4 Rc8 20. Qd2 Qa5
21. Rac1 Bd7 22. Nf5 Rxc1 23. Rxc1 Re6 24. Qg5 Ne8 25. Nxg7 h6 26. Qg3 Kf8 27. Nxe6+ Bxe6 28. Qh4 Ndc7 29. Qxh6+ Ke7 30. Bd4 Nd5
31. Bc4 Qa8 32. Nb6 Nxb6 33. Bxe6 Qe4 34. Bxf7 Kxf7 35. Bxb6 Qe2 36. h4 Qe4= 37. Rc4 Qb1+ 38. Kh2
1-0

[Event "JAHI III"]
[Site "SchemingMind.com"]
[Date "2023.01.30"]
[Round "-"]
[White "Natchez44"]
[Black "Derek Price"]
[Result "0-1"]
[WhiteCountry "FRA"]
[BlackCountry "ENG"]
[WhiteElo "1347"]
[WhiteRD "168"]
[BlackElo "2356"]
[BlackRD "74"]
[GameID "730793"]

1. e4 c5 2. Nf3 d6 3. d4 cxd4 4. Nxd4 Nf6 5. Nc3 a6 6. Bc4 e6 7. O-O Be7 8. b3 b5 9. Be2 Bb7 10. Bb2 b4
11. Nb1 Bxe4 12. Re1 O-O 13. Nd2 Bb7 14. Bf3 d5 15. a3 a5 16. h3 Nbd7 17. Nf1 Qb6 18. Ng3 Bc5 19. a4 e5 20. Ndf5 Bxf2+
21. Kh2 Bxe1 22. Qxe1 g6 23. Bxe5 Rfe8 24. Nh6+ Kf8 25. Rd1 Nxe5 26. Qd2 Nxf3+
0-1

[Event "JAHI III"]
[Site "SchemingMind.com"]
[Date "2023.01.30"]
[Round "-"]
[White "Derek Price"]
[Black "Natchez44"]
[Result "1-0"]
[WhiteCountry "ENG"]
[BlackCountry "FRA"]
[WhiteElo "2381"]
[WhiteRD "66"]
[BlackElo "1495"]
[BlackRD "346"]
[GameID "730794"]

1. c4 e5 2. Nc3 Nf6 3. Nf3 d6 4. d4 exd4 5. Nxd4 g6 6. g3 b6 7. Bg2 c6 8. Nxc6 Nxc6 9. Bxc6+ Bd7 10. Bxa8 Qxa8
11. f3 Qc6 12. Qd4 Bg7 13. Nd5 Qc5 14. Nxf6+ Bxf6 15. Qxf6 Rg8 16. Bg5 Qe5 17. Qd8#
1-0

[Event "JAHI III"]
[Site "SchemingMind.com"]
[Date "2023.01.30"]
[Round "-"]
[White "CapaChess"]
[Black "spoke"]
[Result "1-0"]
[WhiteCountry "CUB"]
[BlackCountry "GER"]
[WhiteElo "2369"]
[WhiteRD "75"]
[BlackElo "1762"]
[BlackRD "67"]
[GameID "730800"]

1. e4 e5 2. Nf3 Nc6 3. d4 exd4 4. Bc4 Nf6 5. e5 d5 6. Bb5 Ne4 7. Nxd4 Bc5 8. Be3 Bd7 9. Bxc6 bxc6 10. Nd2 Qe7
11. Nxe4 dxe4 12. e6 fxe6 13. Qh5+ g6 14. Qe5 Bxd4 15. Bxd4 Rf8 16. Bc5 Qf6 17. Qxc7 Rc8 18. Qxa7 Rf7 19. O-O-O Qf4+ 20. Rd2 Qc7
21. Qxc7 Rxc7 22. Re1 Rf5 23. b4 Rd5 24. Rxe4 Rxd2 25. Rf4
1-0

[Event "JAHI III"]
[Site "SchemingMind.com"]
[Date "2023.01.30"]
[Round "-"]
[White "spoke"]
[Black "CapaChess"]
[Result "0-1"]
[WhiteCountry "GER"]
[BlackCountry "CUB"]
[WhiteElo "1762"]
[WhiteRD "67"]
[BlackElo "2369"]
[BlackRD "75"]
[GameID "730801"]

1. e4 c6 2. d4 d5 3. e5 c5 4. Nf3 cxd4 5. Nxd4 Nc6 6. c4 e6 7. Nc3 Bc5 8. Be3 Qb6 9. Na4 Qa5+ 10. Bd2 Bb4
11. Nxc6 bxc6 12. b3 f6 13. exf6 Nxf6 14. Bxb4 Qxb4+ 15. Qd2 Qd6 16. Be2 O-O 17. O-O e5 18. Rad1 Be6 19. c5 Qe7 20. Qc3 d4
21. Qg3 Bd5
0-1

[Event "JAHI III"]
[Site "SchemingMind.com"]
[Date "2023.02.02"]
[Round "-"]
[White "Laci"]
[Black "William Lindberg"]
[Result "0-1"]
[WhiteCountry "HUN"]
[BlackCountry "USA"]
[WhiteElo "1856"]
[WhiteRD "98"]
[BlackElo "2346"]
[BlackRD "63"]
[GameID "730958"]

1. b4 d5 2. Nf3 Nf6 3. Bb2 e5 4. Nxe5 Bxb4 5. e3 Nbd7 6. Nf3 Nb6 7. a4 a5 8. Bb5+ Nbd7 9. c3 Bd6 10. d4 Qe7
11. O-O O-O 12. Ba3 b6 13. Bxd6 Qxd6 14. Na3 Bb7 15. Nd2 Qe7 16. Re1 Rfd8 17. Bf1 Rab8 18. Qc2 h6 19. Nb5 c6 20. Na3 Nf8
21. Qb2 Bc8
0-1

[Event "JAHI III"]
[Site "SchemingMind.com"]
[Date "2023.02.02"]
[Round "-"]
[White "William Lindberg"]
[Black "Laci"]
[Result "1-0"]
[WhiteCountry "USA"]
[BlackCountry "HUN"]
[WhiteElo "2346"]
[WhiteRD "63"]
[BlackElo "1856"]
[BlackRD "98"]
[GameID "730959"]

1. d4 b5 2. e4 Bb7 3. Nd2 a6 4. Bd3 e6 5. Ngf3 c5 6. c3 d6 7. O-O Nd7 8. a4 c4 9. Bb1 Ngf6 10. b3 Be7
11. Re1 cxb3 12. Qxb3 Rb8 13. Bd3 Bc6 14. axb5 axb5 15. Ba3 O-O 16. Qd1 Qc7 17. Qe2 Rfc8 18. e5 Ne8 19. Ne4 Nb6 20. Nxd6 Nxd6
21. exd6
1-0

[Event "JAHI III"]
[Site "SchemingMind.com"]
[Date "2023.02.04"]
[Round "-"]
[White "Phillip Beckett"]
[Black "CapaChess"]
[Result "0-1"]
[WhiteCountry "ENG"]
[BlackCountry "CUB"]
[WhiteElo "1467"]
[WhiteRD "58"]
[BlackElo "2369"]
[BlackRD "75"]
[GameID "730981"]

1. e4 c6 2. d4 d5 3. Nc3 dxe4 4. Nxe4 Nf6 5. Nxf6+ exf6 6. Nf3 Bd6 7. Bd3 O-O 8. O-O Bg4 9. c3 Re8 10. h3 Bh5
11. Be2 Nd7 12. Be3 Nb6 13. Qd2 Nd5 14. Rae1 Nxe3 15. fxe3 Bg3 16. Rd1 Qe7 17. Bd3 Qxe3+ 18. Qxe3 Rxe3 19. Bb1 Re2 20. Nh2 Rxb2
21. Rc1 Be2 22. Rf5 g6 23. Ra5 Bf4 24. Be4 Bxc1
0-1

[Event "JAHI III"]
[Site "SchemingMind.com"]
[Date "2023.02.04"]
[Round "-"]
[White "CapaChess"]
[Black "Phillip Beckett"]
[Result "1-0"]
[WhiteCountry "CUB"]
[BlackCountry "ENG"]
[WhiteElo "2369"]
[WhiteRD "75"]
[BlackElo "1467"]
[BlackRD "58"]
[GameID "730982"]

1. e4 e5 2. Nf3 Nc6 3. d4 exd4 4. Bc4 Nf6 5. e5 d5 6. Bb5 Ne4 7. Nxd4 Bd7 8. Bxc6 bxc6 9. O-O Bc5 10. f3 Ng5
11. f4 Ne6 12. c3 Bb6 13. f5 Nxd4 14. cxd4 c5 15. Qg4 O-O 16. Bh6 g6 17. Bxf8 Qxf8 18. e6 fxe6 19. fxe6 Qe7 20. exd7 cxd4
21. Nd2
1-0

[Event "JAHI III"]
[Site "SchemingMind.com"]
[Date "2023.02.15"]
[Round "-"]
[White "Kenny Elliott"]
[Black "TigerFeet"]
[Result "0-1"]
[WhiteCountry "USA"]
[BlackCountry "ENG"]
[WhiteElo "1463"]
[WhiteRD "83"]
[BlackElo "1918"]
[BlackRD "98"]
[GameID "731528"]

1. d4 Nf6 2. Nf3 c5 3. dxc5 Na6 4. Nc3 Nxc5 5. Bf4 d6 6. Nb5 a6 7. Nc3 g6 8. g3 Bg7 9. Rb1 O-O 10. Bg2 b5
11. Nd4 Bb7 12. Bxb7 Nxb7 13. O-O e5 14. Nc6 Qc7 15. Nxe5 dxe5 16. Be3 Rad8 17. Qc1 Rd7 18. Bh6 Bxh6 19. Qxh6 Rfd8 20. Qg5 Kg7
21. h4 h5 22. f3 Nh7 23. Qe3 Qc5 24. Qxc5 Nxc5 25. a3 f5 26. e3 Nf6 27. Rbc1 Nd5 28. Nxd5 Rxd5 29. b4 Ne6 30. Rfe1 Kf6
31. e4 Rd2 32. c4 bxc4 33. Rxc4 R2d3 34. exf5 gxf5 35. Rc6 Rxa3 36. f4 e4 37. Rb6 Rxg3+ 38. Kh2 Rb3 39. Rc1 Rd4 40. Rg1 Rd2+
41. Kh1 Rh3#
0-1

[Event "JAHI III"]
[Site "SchemingMind.com"]
[Date "2023.02.18"]
[Round "-"]
[White "TigerFeet"]
[Black "Kenny Elliott"]
[Result "1-0"]
[WhiteCountry "ENG"]
[BlackCountry "USA"]
[WhiteElo "1905"]
[WhiteRD "118"]
[BlackElo "1466"]
[BlackRD "77"]
[GameID "731529"]

1. e4 c5 2. Nc3 d6 3. d4 cxd4 4. Qxd4 e5 5. Qd2 Nf6 6. b3 Nc6 7. Bb2 Be7 8. O-O-O Bd7 9. f3 O-O 10. Kb1 a6
11. g4 h6 12. h4 Nd4 13. g5 hxg5 14. hxg5 Nh7 15. Qh2 f6 16. g6
1-0

[Event "JAHI III"]
[Site "SchemingMind.com"]
[Date "2023.02.21"]
[Round "-"]
[White "pmdpsp"]
[Black "Raymond de Kemp"]
[Result "0-1"]
[WhiteCountry "GER"]
[BlackCountry "NED"]
[WhiteElo "1746"]
[WhiteRD "84"]
[BlackElo "1833"]
[BlackRD "71"]
[GameID "731554"]

1. c4 Nf6 2. Nc3 e5 3. d4 exd4 4. Qxd4 Nc6 5. Qd1 Bc5 6. Bg5 Bxf2+ 7. Kxf2 Ng4+ 8. Ke1 Qxg5 9. Nf3 Qc5 10. Ne4 Qxc4
11. Nfd2 Qd4 12. Qc2 d5 13. h3 Ne3 14. Qd3 Qxd3 15. exd3 Nc2+
0-1

[Event "JAHI III"]
[Site "SchemingMind.com"]
[Date "2023.02.21"]
[Round "-"]
[White "Raymond de Kemp"]
[Black "pmdpsp"]
[Result "1-0"]
[WhiteCountry "NED"]
[BlackCountry "GER"]
[WhiteElo "1832"]
[WhiteRD "71"]
[BlackElo "1732"]
[BlackRD "88"]
[GameID "731555"]

1. f4 Nc6 2. Nf3 d5 3. g3 Bf5 4. Bg2 Nf6 5. O-O e6 6. d3 Bc5+ 7. e3 O-O 8. d4 Bb6 9. a4 a6 10. Bd2 Ne4
11. Be1 Qe7 12. a5 Ba7 13. Nh4 Qf6 14. g4 Bg6 15. g5 Nxg5 16. fxg5 Qxg5 17. Nxg6 fxg6 18. Rxf8+ Rxf8 19. Bd2 e5 20. Kh1 e4
21. Qe2 Ne7 22. c4 c6 23. cxd5 cxd5 24. Bb4 Bb8 25. Bxe7 Qh6 26. Bxe4 dxe4 27. Bxf8 Kxf8 28. Nd2
1-0

[Event "JAHI III"]
[Site "SchemingMind.com"]
[Date "2023.03.03"]
[Round "-"]
[White "Helga1946"]
[Black "Clive Everill"]
[Result "1-0"]
[WhiteCountry "GER"]
[BlackCountry "CZE"]
[WhiteElo "2418"]
[WhiteRD "72"]
[BlackElo "1661"]
[BlackRD "58"]
[GameID "731741"]

1. b4 d5 2. Bb2 Bg4 3. c4 e6 4. h3 Bh5 5. cxd5 Qxd5 6. a3 f6 7. Nc3 Qd7 8. Rc1 Bd6 9. Qb3 Ne7 10. Nf3 Nbc6
11. e3 Bxf3 12. gxf3 O-O-O 13. Bc4 Kb8 14. Bxe6 Qe8 15. Bf7 Qd7 16. d4 Qf5 17. Ke2 Rhf8 18. h4 a6 19. Be6 Qh5 20. b5 axb5
21. Nxb5 Nc8 22. Rxc6 bxc6 23. Nxd6+ Nb6 24. Nc4 Qb5 25. Qxb5 cxb5 26. Nxb6 cxb6 27. d5 Kc7 28. h5 Kd6 29. Rc1 Rb8 30. Rc6+ Ke7
31. Rc7+
1-0

[Event "JAHI III"]
[Site "SchemingMind.com"]
[Date "2023.03.03"]
[Round "-"]
[White "Clive Everill"]
[Black "Helga1946"]
[Result "0-1"]
[WhiteCountry "CZE"]
[BlackCountry "GER"]
[WhiteElo "1661"]
[WhiteRD "58"]
[BlackElo "2418"]
[BlackRD "72"]
[GameID "731742"]

1. Nf3 Nf6 2. d3 d5 3. Nc3 c5 4. g3 d4 5. Ne4 Nxe4 6. dxe4 Nc6 7. Bg2 e5 8. O-O Be7 9. b3 Be6 10. Bd2 Qc7
11. Qc1 b5 12. Bg5 f6 13. Bd2 c4 14. a4 c3 15. Be1 bxa4 16. Rxa4 Nb4 17. Nh4 Bc5 18. Kh1 a5 19. f4 O-O 20. f5 Bd7
21. Ra1 a4 22. Nf3 axb3 23. cxb3 c2 24. Nd2 d3 25. Nc4 Rxa1 26. Qxa1 dxe2 27. Rf3 Bb5 28. Na3 Qd7
0-1

[Event "JAHI III"]
[Site "SchemingMind.com"]
[Date "2023.03.06"]
[Round "-"]
[White "Raymond de Kemp"]
[Black "JAHI"]
[Result "0-1"]
[WhiteCountry "NED"]
[BlackCountry "INT"]
[WhiteElo "1808"]
[WhiteRD "71"]
[BlackElo "2174"]
[BlackRD "76"]
[GameID "731950"]

1. c4 f6 2. g3 f5 3. Bg2 Nf6 4. Nc3 e6 5. d4 Bb4 6. Bd2 Bxc3 7. Bxc3 Kf8 8. Qc2 d6 9. O-O-O Nc6 10. d5 exd5
11. cxd5 Ne5 12. f3 Bd7 13. e4 fxe4 14. fxe4 Qe7 15. h3 Re8 16. g4 Kg8 17. Re1 h6 18. Nf3 Kh7 19. Nxe5 dxe5 20. Qd2 Rhg8
21. Bf3 Qf7 22. Qe2 c6 23. Qd3 Rgf8 24. Bd1 cxd5 25. exd5+ e4 26. Qd4 Qxd5 27. Qxd5 Nxd5 28. Bd4 e3 29. Bc2+ g6 30. Rhf1 Rxf1
31. Rxf1 e2 32. Re1 Nf4 33. Kd2 Bb5 34. a4 Rd8 35. axb5 Rxd4+ 36. Kc3 Rd8 37. b4 Kg7 38. h4 Kf6 39. Kb2 Re8
0-1

[Event "JAHI III"]
[Site "SchemingMind.com"]
[Date "2023.03.05"]
[Round "-"]
[White "JAHI"]
[Black "Raymond de Kemp"]
[Result "1-0"]
[WhiteCountry "INT"]
[BlackCountry "NED"]
[WhiteElo "2146"]
[WhiteRD "74"]
[BlackElo "1858"]
[BlackRD "75"]
[GameID "731951"]

1. a3 e5 2. a4 Nf6 3. Na3 Bc5 4. d3 d5 5. h3 O-O 6. Bg5 Nc6 7. e3 h6 8. Bxf6 Qxf6 9. c3 d4 10. Nc2 dxe3
11. Nxe3 Be6 12. a5 Bxe3 13. fxe3 Qh4+ 14. Kd2 e4 15. d4 Rad8 16. Qe1 Qxe1+ 17. Kxe1 Rd5 18. a6 Ra5 19. Rxa5 Nxa5 20. Ne2 Nc4
21. axb7 Nxe3 22. Kd2 Nc4+ 23. Kc1 Rb8 24. Nf4 Ne3 25. Nxe6 fxe6 26. Ba6 Nxg2 27. Kd2 e3+ 28. Kd3 e2 29. Kxe2 Nf4+ 30. Ke3 Nd5+
31. Kd3 c6 32. Kc4 Nc7 33. Kc5 Nxa6+ 34. Kxc6 Rf8 35. Ra1 Nb8+ 36. Kc7 a6 37. c4 Kf7 38. Rf1+
1-0

[Event "JAHI III"]
[Site "SchemingMind.com"]
[Date "2023.04.03"]
[Round "-"]
[White "Aba"]
[Black "TigerFeet"]
[Result "0-1"]
[WhiteCountry "ISR"]
[BlackCountry "ENG"]
[WhiteElo "1798"]
[WhiteRD "68"]
[BlackElo "1929"]
[BlackRD "90"]
[GameID "732684"]

1. e4 c5 2. Nf3 Nc6 3. d4 cxd4 4. Nxd4 e5 5. Nxc6 bxc6 6. Bc4 Nf6 7. Bg5 Qa5+ 8. Bd2 Qc5 9. b3 Nxe4 10. Qf3 Nf6
11. Nc3 d5 12. Be2 Be7 13. Rc1 Qd6 14. Qg3 Rg8 15. O-O d4 16. Na4 Ne4 17. Qd3 Nxd2 18. Qxd2 c5 19. Rfe1 Bb7 20. Bg4 h6
21. Qe2 e4 22. Nb2 Kf8 23. Bh3 g6 24. Rcd1 Kg7 25. f3 e3 26. Nc4 Qc7 27. Rd3 Rad8 28. c3 Rge8 29. cxd4 cxd4 30. g3 Bf6
31. Bg2 Ba6 32. Rc1 Rc8 33. f4 h5 34. h4 Qc5 35. Bh3 Rc7 36. Qe1 Ree7 37. Rdd1 Bb7 38. Bg2 Bxg2 39. Kxg2 Qd5+ 40. Kh2 e2
41. Rd2 d3 42. Ne5 Rxc1 43. Qxc1 Bxe5 44. fxe5 Rxe5
0-1

[Event "JAHI III"]
[Site "SchemingMind.com"]
[Date "2023.04.03"]
[Round "-"]
[White "TigerFeet"]
[Black "Aba"]
[Result "1-0"]
[WhiteCountry "ENG"]
[BlackCountry "ISR"]
[WhiteElo "1929"]
[WhiteRD "90"]
[BlackElo "1798"]
[BlackRD "68"]
[GameID "732685"]

1. e4 e5 2. Bc4 Nf6 3. d3 c6 4. Nf3 d5 5. Bb3 a5 6. a4 Bd6 7. Nc3 h6 8. exd5 cxd5 9. Bxd5 Nxd5 10. Nxd5 Be6
11. Ne3 Nc6 12. O-O f5 13. Re1 Qc7 14. Kh1 O-O-O 15. Qe2 g5 16. Nc4 Bxc4 17. dxc4 e4 18. Ng1 Bxh2 19. Qh5 Bxg1 20. Kxg1 Nd4
21. Qh3 Nxc2 22. Be3 Nxa1 23. Qxf5+ Kb8 24. Rxa1 Rhe8 25. Qb5 Re6 26. b4 Red6 27. g3 axb4 28. Qxb4 Rd1+ 29. Rxd1 Rxd1+ 30. Kg2 Rd6
31. a5 Ra6 32. Bb6 Qd7 33. Qf8+ Qc8 34. Qd6+ Ka8 35. Qxh6 e3 36. Qxg5 exf2 37. Kxf2 Qe8 38. Qf4 Qh8 39. Qf7 Qb2+ 40. Kf3 Rxb6
41. axb6 Qxb6 42. Qe8+ Ka7 43. Qe3 Ka6 44. Qxb6+ Kxb6 45. g4
1-0

[Event "JAHI III"]
[Site "SchemingMind.com"]
[Date "2023.05.13"]
[Round "-"]
[White "William Lindberg"]
[Black "Enri Arturo"]
[Result "0-1"]
[WhiteCountry "USA"]
[BlackCountry "CUB"]
[WhiteElo "2336"]
[WhiteRD "68"]
[BlackElo "2553"]
[BlackRD "98"]
[GameID "733943"]

1. c4 e5 2. g3 Nf6 3. Bg2 Bc5 4. e3 d5 5. cxd5 Nxd5 6. d4 Bb4+ 7. Bd2 exd4 8. exd4 O-O 9. Ne2 Bxd2+ 10. Qxd2 Be6
11. Nbc3 Nc6 12. O-O h6 13. Rad1 Nce7 14. Rfe1 c6 15. Nc1 Bg4 16. f3 Bf5 17. Nd3 Qd6 18. f4 Bg4 19. Ne4 Qc7 20. Rc1 Rad8
21. Nc3 Bf5 22. Re2 Bxd3 23. Qxd3 Nf6 24. Rce1 Nc8 25. Bf3 Qd7 26. Rd1 Nd6 27. Re5 Qc8 28. Qe2 Nf5 29. Qf2 Rfe8 30. Ne4 Nxe4
31. Bxe4 Nd6 32. Bd3 f6 33. Ree1 Rxe1+ 34. Rxe1 Re8 35. Bc2 Kf8 36. Rxe8+ Kxe8 37. Qe1+ Kd7 38. Kf2 Qd8 39. Kf3 h5 40. Bb3 Qe7
41. Qxe7+ Kxe7 42. Bc2 Ke6 43. Bb3+ Ke7 44. Bg8 Nf5 45. Ke4 Nd6+ 46. Kd3 f5 47. b4 b6 48. Bh7 Kf7 49. d5 c5 50. bxc5 bxc5
51. Bxf5 Nxf5 52. Kc4 Ke7 53. Kxc5 Kd7 54. Kb5 Ne3 55. Ka6 Nf1 56. a4 Nxh2 57. Kxa7 Nf1 58. a5 Nxg3 59. Kb6 Ne2 60. Kc5 Nxf4
61. d6 h4 62. a6 Ne6+ 63. Kd5 h3 64. a7 h2 65. Kc4 h1=Q
0-1